000 00889nam a22001937a 4500
999 _c371547
_d371547
008 201127b ||||| |||| 00| 0 eng d
040 _aDE-2950
_bger
_cDE-2950
_erda
041 _ager
245 _aDie Baumeister aus Frankfurt (Oder).
_bImmobilien: Die Unternehmensgruppe Krebs & Schulze hat den Hansepreis erhalten - für ihren Beitrag zur Stadtentwicklung. Wie es um eines der aktuellen Bauprojekte in der Puschkinstraße bestellt ist und welche Ideen die Geschäftsführer für Azubis haben /
_cLisa Mahlke
264 _c2022
653 _aFrankfurt (Oder)
653 _aStadtentwicklung
653 _aUnternehmensgruppe Krebs & Schulze
773 _dFrankfurt (Oder) Märkisches Verlags- und Druckhaus GmbH & Co KG
_tMärkische Oderzeitung
_g33. Jahrgang (2022) Nr. 76 vom 31.03.2022, S. 15
942 _cA